Acceleration (Record no. 112431)

MARC details
000 -LEADER
fixed length control field 01120cad a22002775a 4500
001 - CONTROL NUMBER
control field L153238
008 - FIXED-LENGTH DATA ELEMENTS--GENERAL INFORMATION
fixed length control field 110627s2011 xxk g 000 0 eng d
020 ## - INTERNATIONAL STANDARD BOOK NUMBER
International Standard Book Number 9781842196861
035 ## - SYSTEM CONTROL NUMBER
System control number (Sirsi) u153238
041 0# - LANGUAGE CODE
Language code of text/sound track or separate title eng
050 ## - LIBRARY OF CONGRESS CALL NUMBER
Classification number 692.8 $2 20
110 2# - MAIN ENTRY--CORPORATE NAME
Corporate name or jurisdiction name as entry element Royal Institution of Chartered Surveyors
9 (RLIN) 4900
245 00 - TITLE STATEMENT
Title Acceleration
Medium [old edition]
260 ## - PUBLICATION, DISTRIBUTION, ETC.
Place of publication, distribution, etc. Coventry
Name of publisher, distributor, etc. RICS
Date of publication, distribution, etc. 2011
490 ## - SERIES STATEMENT
Series statement RICS Guidance Note
Volume/sequential designation (GN 80/2011)
490 #0 - SERIES STATEMENT
Series statement RICS Black Book
520 ## - SUMMARY, ETC.
Summary, etc. This guidance note summarises what is meant by acceleration in the construction industry, how acceleration can be acheived and how it can be valued.
520 ## - SUMMARY, ETC.
Summary, etc. Superseded by 2nd edition published February 2024 ISBN 9781783215195
590 ## - LOCAL NOTE (RLIN)
Local note KA NTK
650 24 - SUBJECT ADDED ENTRY--TOPICAL TERM
Topical term or geographic name entry element RICS BLACK BOOK
650 24 - SUBJECT ADDED ENTRY--TOPICAL TERM
Topical term or geographic name entry element RICS QS AND CONSTRUCTION STANDARDS
651 #4 - SUBJECT ADDED ENTRY--GEOGRAPHIC NAME
Geographic name United Kingdom
690 ## - LOCAL SUBJECT ADDED ENTRY--TOPICAL TERM (OCLC, RLIN)
Topical term or geographic name as entry element BUILT ENVIRONMENT-CONSTRUCTION MANAGEMENT
856 40 - ELECTRONIC LOCATION AND ACCESS
Uniform Resource Identifier <a href="https://www.isurv.com/download/downloads/id/3057/archive_acceleration_1st_edition_guidance_note_june_2011%E2%80%93june_2022.pdf">https://www.isurv.com/download/downloads/id/3057/archive_acceleration_1st_edition_guidance_note_june_2011%E2%80%93june_2022.pdf</a>
Public note Archived on isurv (subscription required)
942 ## - ADDED ENTRY ELEMENTS (KOHA)
Suppress in OPAC 0
Source of classification or shelving scheme Dewey Decimal Classification
Holdings
Withdrawn status Lost status Source of classification or shelving scheme Damaged status Not for loan Home library Current library Shelving location Date acquired Total Checkouts Full call number Barcode Date last seen Copy number Price effective from Koha item type
    Dewey Decimal Classification     London London Books 05/07/2011   RICS 2011/27 30075769 06/08/2019 2 06/08/2019 Book
    Dewey Decimal Classification     London London Books 05/07/2011   RICS 2011/27 30075770 06/08/2019 3 06/08/2019 Book
    Dewey Decimal Classification     London London RICS Boxes 05/07/2011   RICS 2011/27 30075771 06/08/2019 4 06/08/2019 Archive
    Dewey Decimal Classification     Virtual Virtual Online 27/06/2011   isurv 153238-2001 07/03/2024 1 06/08/2019 Online material